Que freestyler dijo esa rima? - Estadísticas

Estadísticas generales
  • Esta prueba ha sido intentada 126 veces
  • La puntuación promedio es 27 de 70
Estadísticas de respuestas
Hint Respuesta % Correcto
"Vente Georgie baja a la alcantarilla" Aczino
91%
"El que es gallo de verdad canta en todos los corrales" Skone
80%
"Pero nadie se escribe una cancion completa" Dtoke
78%
"La mitad de tus seguidores viven en Afganistan" El Menor
75%
"Si sea gay o no siempre le rompen el culo" Wos
70%
"No me hables de realidad si te drogas pa' evitarla" Bnet
68%
"Torres mas altas han caido y hoy estamos a 11S" Gazir
68%
"Mientras que la brisa para cuando me escucha rapear" Lit Killah
66%
"El que se va pa' Barnquilla pierde su silla" Lokillo
64%
"Tu liga como se llama? Aczino y sus acompañantes" Kaiser
63%
"Lo hubieras apoyado, no lo hubieras sustituido" Zticma
62%
"Un asesino no da miedo si se viste de payaso" Errece
61%
"Trueno, tus voces de mierd* las hacen todos" Replik
61%
"Y te saco ventaja porque se lo que es el hambre" Sweet Pain
61%
"Pero que esta perdiendo lo entendio perfectamente" Cacha
59%
"Cuantas gotas tienen que caer para saber que esta lloviendo" Invert
59%
"Empece de abajo y ahora me cago en el dinero" Papo
59%
"Solo dios puede juzgarme y ni siquiera se si existe" Zasko
58%
"Nunca había visto una descripción de sí mismo tan rápida" Arkano
57%
"Menos Instagram, menos selfie, menos espejo" Klan
57%
"Es que yo naci muy lejos de esta oportunidad" Exe
55%
"Yo no puedo saltar pero mira, ellos saltan por mi" Urko
54%
"Mi papa es policia pero por lo menos hay trabajo en blanco" Sub
53%
"Hey you paralo... que tengo que comenzar" Ghetto
50%
"Pero yo salí campeón sin ni una falta de respeto" Jaze
49%
"Se aseguro por si el freestyle no le daba dinero" Jota
47%
"A veces tu diversion es la frustracion de un pais" Vijay
47%
"Saco a Chuty, luces, camara y accion" Larrix
46%
"No todas las personas somos como tu ex-novia con tu productor" Azuky
43%
"El valiente es un cobarde si aqui hay otro mas valiente" Lobo Estepario
43%
"Seria perfecta si tuviera el cuerpo a la altura de las ideas" Marithea
41%
"Porque caben dos cocodrilos en el rio Nilo" Letra
38%
"Ahora quien le esta mandando un saludo a su tia?" Pepe Grillo
38%
"Toda escoba nueva barre bien" Stigma
38%
"La verdad se vuelve crueldad cuando carece de empatia" Walls
38%
"Bienvenidos a la Freestyle Master Series!" Khan
37%
"Trajimos la consciencia en tiempos de inteligencia artificial" Teorema
37%
"Que mis reacciones tienen más visitas que su disco" Force
36%
"Tu novia se masturba pensando que eres Trueno" Jony Beltran
36%
"Y que complejo es entregarlo todo pa' que entiendan simple" Nitro
36%
"No es una batalla sino un put* concierto" Sara Socas
34%
"Pero aun asi deja de criticar lo que nunca lograste" Stuart
34%
"Ya no estas tan solo, te encontramos un hermano" MKS
33%
"Porque yo soy negro por orgullo pero tu gordo por enfermedad" Babi
32%
"Gracias por dejar claro quien se va a caer primero" Dani
32%
"Pero a la hora de rapear, Oliver Atom ya es hora de despertar" Valles T
32%
"Si estas con una de 15, cuantos años de condena? Mr Ego
29%
"Vine solo put* y me la aguanto con quien sea" G Sony
24%
"A los 14 años saben lo que me pasa? Mi papa no le gusto y el me hecho de mi casa" Kodigo
24%
"No despiertes a una bestia que no puedes controlar" Nekroos
24%
"QUE LIGA" Dybbuk
22%
"Le estoy gritando a mi idolo escupiendole la cara" Mecha
22%
"Ya van mas de tres años y nunca quedo primero" Zaina
22%
"No se, no confio en alguien que todavia no he visto" Tata
21%
"Y hasta Nerea lo menea" Gotti
20%
"Me conformo con que ellos tres se quiten la de España" Rapder
18%
"Perdon vieja por no rapear tan fuerte" Stuart
18%
"Por mi padre, por mi madre y por el niño que fui ayer" Blon
16%
"La salsa boloñesa porque me siento el padrino" Metalinguistica
16%
"Porque si miro a los ojos ya ni dios puede moverse" Mnak
16%
"Esta fuera de tu liga y dentro de tu presupuesto" Dante
12%
"Mi vieja me enseño que mas fuerza tiene un abrazo" Jesse Pungaz
12%
"No soy pobre, yo soy rico a mi manera" Chang
11%
"La fama es una manzana y caen muchas del manzano" Plets
11%
"Los artistas mas incomprendidos se valoran muertos" Tirpa
8%
"Y jamas voy a juzgar los pinceles de otro" Acertijo
5%
"Yo aprendi a quererme mucho mas de lo que tu ya aprendiste a herirme" Joqerr
5%
"Y el dia que lo funaron le soltaste la mano" Reverse
4%
"Me parece triste que gallos y palomas coman del mismo alpiste" Calero
3%
"El reflejo mira mal si el que se mira no esta bien" Yoiker
3%
No se encontraron pruebas coincidentes
Distribución de puntuación
Porcentaje de gente con cada puntuación
Porcentaje por número respondido
Historial de tus puntuaciones
No has intentado esta prueba.